000 01028nam a2200241Ia 4500
999 _c34857
_d34857
001 675
003 GE_BSU
005 20221125103743.0
008 181216s2009||||ge |||||||||||||| ||geo||
040 _cGE_BSU
041 _ageo
080 _a61+159.9 ნ-24
100 _aნანეიშვილი, გიორგი
_916081
245 _aსამედიცინო ფსიქოლოგიის საფუძვლები /
_cგიორგი ნანეიშვილი, ნინო ოკრიბელაშვილი; რედაქტორი: ს. სხულუხია.
264 _aთბილისი,
_c2009.
300 _a150 გვ.
541 _h6 ლ.
653 _aსამედიცინო ფსიქოლოგია
653 _aფსიქოლოგია
700 _aოკრიბელაშვილი, ნინო
_e ავტორი
_916082
700 _aსხულუხია, ს.
_eრედაქტორი
_916083
942 _cBK
_2udc